=LDR 00000nam 2200000 4500 =001 INLIS000000000002881 =005 20250213103554 =035 ##$$a 0010-0225000171 =007 ta =008 250213###########################0#ind## =020 ##$$a - =082 ##$$a 304.66 =084 ##$$a 304.66 BIR b =245 1#$$a Buku Pedoman Pengendalian Lapangan : $b - /$c Biro Pengendalian Lapangan/ BKKBN (Penulis) =250 ##$$a Cetakan Pertama =260 ##$$a Jakarta :$b Badan Kependudukan dan Keluarga Berencana Nasional,$c 2010 =300 ##$$a 30 hlm : $b - ; $c 20 cm$e - =650 #4$$a Keluarga Berencana =110 #$$a Biro Pengendalian Lapangan/ BKKBN =520 ##$$a - =856 ##$$a Perpustakaan BKKBN Pusat